<?xml version="1.0" encoding="UTF-8"?>
<record
    xmlns:xsi="http://www.w3.org/2001/XMLSchema-instance"
    xsi:schemaLocation="http://www.loc.gov/MARC21/slim http://www.loc.gov/standards/marcxml/schema/MARC21slim.xsd"
    xmlns="http://www.loc.gov/MARC21/slim">

  <leader>04204cam a22002898a 4500</leader>
  <controlfield tag="001">16382705</controlfield>
  <controlfield tag="005">20210414114211.0</controlfield>
  <controlfield tag="008">100809s2011    enk           001 0 eng  </controlfield>
  <datafield tag="010" ind1=" " ind2=" ">
    <subfield code="a">  2010033709</subfield>
  </datafield>
  <datafield tag="020" ind1=" " ind2=" ">
    <subfield code="a">9780273731122 (pbk.)</subfield>
  </datafield>
  <datafield tag="040" ind1=" " ind2=" ">
    <subfield code="a">DLC</subfield>
    <subfield code="c">DLC</subfield>
  </datafield>
  <datafield tag="050" ind1="0" ind2="0">
    <subfield code="a">HD38.5.C46 </subfield>
  </datafield>
  <datafield tag="082" ind1="0" ind2="0">
    <subfield code="a">658.5</subfield>
    <subfield code="2">22</subfield>
  </datafield>
  <datafield tag="100" ind1="1" ind2=" ">
    <subfield code="a">Christopher, Martin.</subfield>
  </datafield>
  <datafield tag="245" ind1="1" ind2="0">
    <subfield code="a">Logistics and supply chain management :creating value-adding networks. /</subfield>
    <subfield code="b">creating value-adding networks /</subfield>
    <subfield code="c">Martin Christopher.</subfield>
  </datafield>
  <datafield tag="250" ind1=" " ind2=" ">
    <subfield code="a">4th ed.</subfield>
  </datafield>
  <datafield tag="260" ind1=" " ind2=" ">
    <subfield code="a">Harlow, England ;</subfield>
    <subfield code="a">New York :</subfield>
    <subfield code="b">Financial Times Prentice Hall,</subfield>
    <subfield code="c">2011.</subfield>
  </datafield>
  <datafield tag="263" ind1=" " ind2=" ">
    <subfield code="a">1011</subfield>
  </datafield>
  <datafield tag="300" ind1=" " ind2=" ">
    <subfield code="a">xi, 276p.;</subfield>
    <subfield code="b">ill. :</subfield>
    <subfield code="c">24cm.</subfield>
  </datafield>
  <datafield tag="500" ind1=" " ind2=" ">
    <subfield code="a">Includes index.</subfield>
  </datafield>
  <datafield tag="505" ind1=" " ind2=" ">
    <subfield code="a">Contents: Logistics, the supply chain and competitive strategy: Supply chain management is a wider concept than logistics -- Competitive advantage -- The supply chain becomes the value chain -- the mission of logistics management -- The supply chain and competitive performance -- The changing competitive environment -- Logistics and customer value: The marketing and logistics interface -- Delivering customer value -- what is customer service? -- The impact of out-of-stock -- Customer service and customer retention -- Market- driven supply chains -- Defining customer service objectives -- Setting customer service priorities -- Setting service standards -- Measuring logistics costs and performance: Logistics and the bottom line -- Logistics and shareholder value -- Logistics cost analysis -- Direct product profitability -- Cost drivers and activity-based costing -- Matching supply and demand: The lead-time gap -- Improving the visibility of demand -- The supply chain fulcrum -- Forecast for capacity, excutive against demand -- Demand management and planning -- Collaborative planning, forecasting and replenishment -- Creating the responsive supply chain: Product 'push' versus demand 'pull' -- The Japanese philosophy -- The foundation of agility -- A routemap to responsiveness -- Strategic lead- time management: Time- based competition -- Lead -time concepts -- Logistics pipeline management -- The synchronous supply chain: The extended enterprise and the virtural supply chain -- The role of information in the virtual supply chain -- Laying the foundations for synchronisation -- 'Quick response' logistics -- Production strategies for quick response -- Logistics systems dynamics -- Complexity and the supply chain: The source of supply chain complexity -- The cost  of complexity -- Product design and supply chain complexity -- Mastering complexity -- Managing the global pipeline: The trend towards globalisation in the supply chain -- Gaining visibility in the global pipeline -- Organising for global logistics -- Thinking global, acting local -- The future of global sourcing -- Managing risk in the supply chain: Why are supply chains more vulnerable? -- Understanding the supply chain risk profile -- Managing supply chain risk -- Achieving supply chain resilience -- The era of network comopetition: The new organisational paradigm -- Collaboration in the supply chain -- Managing the supply chain as a network -- Seven major business transformations -- The implication for tomorrow's logistics managers -- Supply chain orchestration -- From 3pl to 4pl -- Overcoming the barriers to supply chain integration: Creating the logistics vision -- The problems with conventional organisations -- Developing the logistics organisation -- Logistics as the vehicle for change -- Benchmarking -- Creating a sustainable supply chain: The triple bottom line -- Greenhouse gases and the supply chain -- Reducing the transport- intensity of supply chains -- Peak oil -- Beyond the carbon footprint -- Reduce, reuse, recycle -- The impact of congestion -- The supply chain of the future: Emerging mega- trends -- Shifting centres of gravity -- The multi- channel revolution -- Seeking structural flexibility -- 2020 vision -- Index</subfield>
  </datafield>
  <datafield tag="650" ind1=" " ind2="0">
    <subfield code="a">Business logistics</subfield>
    <subfield code="x">Cost effectiveness.</subfield>
  </datafield>
  <datafield tag="650" ind1=" " ind2="0">
    <subfield code="a">Delivery of goods</subfield>
    <subfield code="x">Management.</subfield>
  </datafield>
  <datafield tag="906" ind1=" " ind2=" ">
    <subfield code="a">7</subfield>
    <subfield code="b">cbc</subfield>
    <subfield code="c">orignew</subfield>
    <subfield code="d">1</subfield>
    <subfield code="e">ecip</subfield>
    <subfield code="f">20</subfield>
    <subfield code="g">y-gencatlg</subfield>
  </datafield>
  <datafield tag="942" ind1=" " ind2=" ">
    <subfield code="2">lcc</subfield>
    <subfield code="c">BK</subfield>
  </datafield>
  <datafield tag="999" ind1=" " ind2=" ">
    <subfield code="c">2804</subfield>
    <subfield code="d">10304</subfield>
  </datafield>
  <datafield tag="952" ind1=" " ind2=" ">
    <subfield code="0">0</subfield>
    <subfield code="1">0</subfield>
    <subfield code="2">lcc</subfield>
    <subfield code="4">0</subfield>
    <subfield code="7">0</subfield>
    <subfield code="a">WIUC-1</subfield>
    <subfield code="b">WIUC-1</subfield>
    <subfield code="c">REF</subfield>
    <subfield code="d">2014-04-04</subfield>
    <subfield code="l">0</subfield>
    <subfield code="o">HD38.5.C46</subfield>
    <subfield code="p">7151/176/13</subfield>
    <subfield code="r">2014-04-04 00:00:00</subfield>
    <subfield code="t">1</subfield>
    <subfield code="w">2014-04-04</subfield>
    <subfield code="y">BK</subfield>
  </datafield>
  <datafield tag="952" ind1=" " ind2=" ">
    <subfield code="0">0</subfield>
    <subfield code="1">0</subfield>
    <subfield code="2">lcc</subfield>
    <subfield code="4">0</subfield>
    <subfield code="7">0</subfield>
    <subfield code="a">WIUC-1</subfield>
    <subfield code="b">WIUC-1</subfield>
    <subfield code="c">REF</subfield>
    <subfield code="d">2014-04-04</subfield>
    <subfield code="l">0</subfield>
    <subfield code="o">HD38.5.C461</subfield>
    <subfield code="p">7152/177/13</subfield>
    <subfield code="r">2014-04-04 00:00:00</subfield>
    <subfield code="t">2</subfield>
    <subfield code="w">2014-04-04</subfield>
    <subfield code="y">BK</subfield>
  </datafield>
  <datafield tag="952" ind1=" " ind2=" ">
    <subfield code="0">0</subfield>
    <subfield code="1">0</subfield>
    <subfield code="2">lcc</subfield>
    <subfield code="4">0</subfield>
    <subfield code="7">0</subfield>
    <subfield code="a">WIUC-1</subfield>
    <subfield code="b">WIUC-1</subfield>
    <subfield code="c">REF</subfield>
    <subfield code="d">2014-08-04</subfield>
    <subfield code="l">1</subfield>
    <subfield code="o">HD38.5.C462</subfield>
    <subfield code="p">7093/110/13</subfield>
    <subfield code="r">2014-08-06 00:00:00</subfield>
    <subfield code="s">2014-08-06</subfield>
    <subfield code="t">3</subfield>
    <subfield code="w">2014-08-04</subfield>
    <subfield code="y">BK</subfield>
  </datafield>
</record>
